Advances in wireless ad hoc and sensor networks / (Record no. 11259)
[ view plain ]
| 000 -LEADER | |
|---|---|
| fixed length control field | 01314nam a22003135a 4500 |
| 001 - CONTROL NUMBER | |
| control field | 15032558 |
| 005 - DATE AND TIME OF LATEST TRANSACTION | |
| control field | 20071003134524.0 |
| 008 - FIXED-LENGTH DATA ELEMENTS--GENERAL INFORMATION | |
| fixed length control field | 071003s2008 mau 000 0 eng |
| 010 ## - LIBRARY OF CONGRESS CONTROL NUMBER | |
| LC control number | 2007938692 |
| 020 ## - INTERNATIONAL STANDARD BOOK NUMBER | |
| International Standard Book Number | 9780387685656 (hardcover : alk. paper) |
| 020 ## - INTERNATIONAL STANDARD BOOK NUMBER | |
| International Standard Book Number | 9780387685670 (ebook : alk. paper) |
| 040 ## - CATALOGING SOURCE | |
| Original cataloging agency | DLC |
| Transcribing agency | DLC |
| 082 ## - DEWEY DECIMAL CLASSIFICATION NUMBER | |
| Edition number | 22 |
| Classification number | 621.3821 |
| Item number | ADV |
| 245 00 - TITLE STATEMENT | |
| Title | Advances in wireless ad hoc and sensor networks / |
| Statement of responsibility, etc | Edited by Maggie Xiaoyan Cheng, Deying Li. |
| 260 ## - PUBLICATION, DISTRIBUTION, ETC. (IMPRINT) | |
| Place of publication, distribution, etc | New York : |
| Name of publisher, distributor, etc | Springer, |
| Date of publication, distribution, etc | c2008. |
| 263 ## - PROJECTED PUBLICATION DATE | |
| Projected publication date | 0802 |
| 300 ## - PHYSICAL DESCRIPTION | |
| Extent | vii, 311 p. ; |
| Other physical details | ill.; |
| Dimensions | 24 cm. |
| 440 0# - | |
| -- | Signals and communication technology |
| -- | 1860-4862 |
| -- | 3507 |
| 504 ## - BIBLIOGRAPHY, ETC. NOTE | |
| Bibliography, etc | Includes bibliographical references and index. |
| 650 ## - SUBJECT ADDED ENTRY--TOPICAL TERM | |
| Topical term or geographic name as entry element | Ad hoc networks |
| General subdivision | (Computer networks) |
| 9 (RLIN) | 3508 |
| 650 ## - SUBJECT ADDED ENTRY--TOPICAL TERM | |
| Topical term or geographic name as entry element | Sensor networks. |
| General subdivision | Mathematical models. |
| 9 (RLIN) | 3509 |
| 650 ## - SUBJECT ADDED ENTRY--TOPICAL TERM | |
| Topical term or geographic name as entry element | Sensor networks. |
| 9 (RLIN) | 3510 |
| 700 1# - ADDED ENTRY--PERSONAL NAME | |
| Personal name | Cheng, Maggie Xiaoyan. |
| 9 (RLIN) | 3511 |
| 700 1# - ADDED ENTRY--PERSONAL NAME | |
| Personal name | Li, Deying. |
| 9 (RLIN) | 3512 |
| 942 ## - ADDED ENTRY ELEMENTS (KOHA) | |
| Source of classification or shelving scheme | Dewey Decimal Classification |
| Item type | Book - Borrowing |
| Withdrawn status | Item status | Source of classification or shelving scheme | Damaged status | Not for loan | Vendor | Home library | Current library | Shelving location | Date acquired | Source of acquisition | Cost, normal purchase price | Serial Enumeration / chronology | Total Checkouts | Total Renewals | Full call number | Barcode | Date last seen | Date last borrowed | Koha item type |
|---|---|---|---|---|---|---|---|---|---|---|---|---|---|---|---|---|---|---|---|
| Dewey Decimal Classification | Alahram | Central Library | Central Library | First floor | 09/04/2009 | 640.30 | 375 | 1 | 2 | 621.3821 ADV | 000015963 | 15/07/2025 | 29/09/2014 | Book - Borrowing | |||||
| Dewey Decimal Classification | Alahram | Central Library | Central Library | First floor | 21/04/2009 | 640.30 | 376 | 621.3821 ADV | 000016037 | 15/07/2025 | NB - Book (Non borrowing) |